Les immigrés africains vivant en France selon leurs pays de naissance - Statistiques

Statistiques générales
  • Ce quiz a été pris 102 fois
  • Le résultat moyen est 16 sur 20
Statistiques - réponses
Hint Réponse % Correct
12,4% Algérie
99%
11,7% Maroc
99%
2,0% Senegal
98%
4,9% Tunisie
97%
1,4 Mali
94%
1,2% Congo
92%
1,3% République démocratique du Congo
92%
2,1% Cote d'ivoire
90%
1,5% Cameroun
86%
0,5% Egypte
86%
1,1% Guinée
83%
2,1% Comores
77%
1,2% Madagascar
77%
0,4% Togo
72%
0,4% Gabon
71%
0,3% Mauritanie
69%
0,4% Bénin
65%
0,5% Cap-Vert
57%
0,4% Angola
55%
0,6% Maurice
45%
Aucun quiz correspondant
Distribution des résultats
% des personnes avec chaque résultat
Percentile par nombre de réponses
Votre historique - résultats
Vous n’avez pas pris ce quiz